000 00556nam a22002297a 4500
001 3769
003 FISKH
005 20240506144534.0
008 240506b cb ||||| |||| 00| 0 eng d
040 _aFISK
_beng
_cFISK
_dFISK
050 _aPZ7.L96775
082 _a813
100 _aLubar David
_d1954-
245 _aHidden talents /
_cDavid Lubar
260 _aNew York :
_bStarscape,
_c2003
300 _a213 pages :
_c20 cm
505 _aM
521 8 _a630
_bLexiles,
700 _aDavid Lubar
942 _2ddc
_cBK
_n0
999 _c3769
_d3769